Применение ТГ(М) метода в исследованиях магнитных композитов; Инновации в неразрушающем контроле (SibTest 2017)

Bibliografiske detaljer
Parent link:Инновации в неразрушающем контроле (SibTest 2017).— 2017.— [С. 62-64]
Hovedforfatter: Астафьев А. Л. Александр Леонидович
Institution som forfatter: Национальный исследовательский Томский политехнический университет (ТПУ) Институт неразрушающего контроля (ИНК) Проблемная научно-исследовательская лаборатория электроники, диэлектриков и полупроводников (ПНИЛ ЭДиП)
Andre forfattere: Лысенко Е. Н. Елена Николаевна (научный руководитель), Суржиков А. П. Анатолий Петрович
Summary:Заглавие с титульного экрана
Sprog:russisk
Udgivet: 2017
Serier:Методы и средства неразрушающего контроля
Fag:
Online adgang:http://earchive.tpu.ru/handle/11683/43998
Format: MixedMaterials Electronisk Book Chapter
KOHA link:https://koha.lib.tpu.ru/cgi-bin/koha/opac-detail.pl?biblionumber=624266

MARC

LEADER 00000naa2a2200000 4500
001 624266
005 20240119092200.0
035 |a (RuTPU)RU\TPU\conf\23511 
035 |a RU\TPU\conf\23510 
090 |a 624266 
100 |a 20171113d2017 k y0rusy50 ca 
101 0 |a rus 
102 |a RU 
105 |a y z 101zy 
135 |a drgn ---uucaa 
181 0 |a i  
182 0 |a b 
200 1 |a Применение ТГ(М) метода в исследованиях магнитных композитов  |f А. Л. Астафьев, Е. Н. Лысенко  |g науч. рук. А. П. Суржиков 
203 |a Текст  |c электронный 
225 1 |a Методы и средства неразрушающего контроля 
300 |a Заглавие с титульного экрана 
320 |a [Библиогр.: с. 64 (5 назв.)] 
463 1 |0 (RuTPU)RU\TPU\conf\23467  |t Инновации в неразрушающем контроле (SibTest 2017)  |o сборник тезисов IV международной конференции, Новосибирск, 27-30 июня 2017 г.  |f Национальный исследовательский Томский политехнический университет (ТПУ) ; под ред. А. В. Юрченко  |v [С. 62-64]  |d 2017 
610 1 |a труды учёных ТПУ 
610 1 |a электронные ресурсы 
610 1 |a рентгенофазовый анализ 
610 1 |a ферриты 
610 1 |a магнитные материалы 
610 1 |a термомагнитометрический метод 
610 1 |a литий-титановые ферриты 
700 1 |a Астафьев  |b А. Л.  |c специалист в области электротехники  |c инженер Томского политехнического университета  |f 1990-  |g Александр Леонидович  |3 (RuTPU)RU\TPU\pers\32451 
701 1 |a Лысенко  |b Е. Н.  |c специалист в области электротехники  |c профессор Томского политехнического университета, доктор технических наук  |f 1972-  |g Елена Николаевна  |3 (RuTPU)RU\TPU\pers\26532  |9 12226 
702 1 |a Суржиков  |b А. П.  |c физик  |c профессор Томского политехнического университета, доктор физико-математических наук  |f 1951-  |g Анатолий Петрович  |4 727 
712 0 2 |a Национальный исследовательский Томский политехнический университет (ТПУ)  |b Институт неразрушающего контроля (ИНК)  |b Проблемная научно-исследовательская лаборатория электроники, диэлектриков и полупроводников (ПНИЛ ЭДиП)  |3 (RuTPU)RU\TPU\col\19033 
801 2 |a RU  |b 63413507  |c 20171116  |g RCR 
856 4 |u http://earchive.tpu.ru/handle/11683/43998 
942 |c BK